Statistics for Flags of Slavic-speaking countries

Click here to take the quiz!

General Stats

  • This quiz has been taken 82 times
  • The average score is 12 of 13

Answer Stats

Answer% Correct
Poland
99%
Russia
99%
Ukraine
99%
Belarus
94%
Slovakia
94%
Serbia
93%
Slovenia
93%
Bosnia and Herzegovina
91%
Bulgaria
91%
Croatia
91%
Czech Republic
91%
Montenegro
87%
North Macedonia
87%

Score Distribution

Percentile by Number Answered

Percent of People with Each Score

Your Score History

You have not taken this quiz